[Event "Reykjavik Open 2015"]
[Site "Reykjavik ISL"]
[Date "2015.03.10"]
[Round "1.94"]
[White "Nordquelle, Pal"]
[Black "Ptacnikova, Lenka"]
[Result "0-1"]
[BlackTitle "WGM"]
[WhiteElo "1599"]
[BlackElo "2242"]
[WhiteFideId "1519050"]
[BlackFideId "305650"]
[EventDate "2015.03.10"]

1. c4 e5 2. Nc3 Nf6 3. d3 Bb4 4. Bg5 h6 5. Bh4 Nc6 6. Nf3 g5 7. Bg3 d6 8. h4 g4
9. Nd2 Bxc3 10. bxc3 Nh5 11. e4 Nxg3 12. fxg3 h5 13. Be2 Qf6 14. Qa4 Bd7 15. Qa3
b6 16. Bd1 Qh6 17. Ke2 a6 18. Rf1 O-O 19. Bb3 b5 20. cxb5 axb5 21. Qc1 Kg7 22.
Rf2 Ne7 23. Nf1 f5 24. Qxh6+ Kxh6 25. exf5 Nxf5 26. Bd5 c6 27. Be4 d5 28. Bxf5
Bxf5 29. Kd2 d4 30. a3 Kg6 31. Re2 Kf6 32. Kc2 c5 33. Kd2 c4 34. dxc4 bxc4 35.
Rf2 Rfb8 36. cxd4 exd4 37. a4 Rb2+ 38. Ke1 Re8+ 0-1

[Event "Reykjavik Open 2015"]
[Site "Reykjavik ISL"]
[Date "2015.03.10"]
[Round "1.95"]
[White "Barthel, Ansgar"]
[Black "Halldorsson, Haukur"]
[Result "1-0"]
[WhiteElo "2230"]
[BlackElo "1575"]
[WhiteFideId "4643461"]
[BlackFideId "2305089"]
[EventDate "2015.03.10"]

1. e4 e5 2. Nf3 Nc6 3. Bc4 d6 4. c3 Be7 5. Qb3 Nh6 6. d4 O-O 7. Bxh6 gxh6 8.
dxe5 Nxe5 9. Nxe5 dxe5 10. O-O c6 11. a4 Qc7 12. Nd2 Bg5 13. Nf3 b6 14. Rad1 Bg4
15. Rd3 Rad8 16. Nxg5 hxg5 17. Rg3 Bh5 18. Rxg5+ Bg6 19. Rg3 Kh8 20. Re1 Rd6 21.
Rd3 Rxd3 22. Bxd3 Rd8 23. Re3 Qe7 24. h3 Rg8 25. Qc4 c5 26. Bf1 Rd8 27. Rd3 Rxd3
28. Qxd3 f6 29. Qd5 Bf7 30. Qc6 Kg7 31. Bb5 Qd8 32. Qd7 Qxd7 33. Bxd7 Bb3 34. f3
Kg6 35. Kf2 Kg5 36. g3 h5 37. h4+ Kh6 38. Ke3 Kg6 39. Be8+ Kh6 40. Kd2 Be6 41.
b4 cxb4 42. cxb4 f5 43. exf5 Bxf5 44. a5 Bg6 45. Bxg6 Kxg6 46. axb6 axb6 47. Kd3
Kf5 48. Kc4 Ke6 49. Kb5 Kd7 50. Kxb6 Kc8 51. Kc6 1-0

[Event "Reykjavik Open 2015"]
[Site "Reykjavik ISL"]
[Date "2015.03.10"]
[Round "1.96"]
[White "Einarsson, Oskar Long"]
[Black "Olafsson, Thorvardur"]
[Result "0-1"]
[WhiteElo "1574"]
[BlackElo "2230"]
[WhiteFideId "2309220"]
[BlackFideId "2301148"]
[EventDate "2015.03.10"]

1. e4 c5 2. Nf3 e6 3. d4 cxd4 4. Nxd4 Nc6 5. Be2 Qc7 6. Nc3 a6 7. a3 Nf6 8. O-O
Bd6 9. h3 b5 10. Kh1 Nxd4 11. Qxd4 Be5 12. Qb4 a5 13. Qb3 Bxc3 14. bxc3 Nxe4 15.
Bxb5 Qxc3 16. Be3 O-O 17. Qa4 Bb7 18. Bd4 Qd2 19. Be3 Qd5 20. f3 Nc3 21. Qg4 f5
22. Qh4 Qxb5 23. Qg3 f4 24. Bxf4 Ne2 25. Qf2 Nxf4 26. Rab1 Qc6 27. Rb6 Qc7 28.
Rfb1 Bc6 29. Qc5 Ne2 30. Rb7 Qg3 31. R7b3 Rxf3 32. Qxc6 dxc6 33. Rxf3 0-1

[Event "Reykjavik Open 2015"]
[Site "Reykjavik ISL"]
[Date "2015.03.10"]
[Round "1.97"]
[White "Magnusdottir, Veronika Steinunn"]
[Black "Morshedi, Ali"]
[Result "0-1"]
[BlackTitle "FM"]
[WhiteElo "1571"]
[BlackElo "2221"]
[WhiteFideId "2309114"]
[BlackFideId "2021730"]
[EventDate "2015.03.10"]

1. e4 e5 2. Nf3 Nc6 3. Bc4 Nf6 4. d3 Be7 5. O-O O-O 6. Re1 d6 7. a4 h6 8. c3 Bd7
9. b4 Qc8 10. Nbd2 Re8 11. Nf1 Be6 12. Ne3 Bf8 13. Qb3 Nd8 14. Nh4 c6 15. f4
exf4 16. Nef5 d5 17. Qd1 dxc4 18. Bxf4 Bxf5 19. Nxf5 Re6 20. Re3 Kh7 21. Rh3 Ng8
22. g4 Rg6 23. Kh1 Ne6 24. Be3 Ng5 25. Bxg5 Rxg5 26. Qf3 cxd3 27. Qf4 Rg6 28. g5
Qe6 29. Rxd3 Rxg5 30. Rd6 0-1

[Event "Reykjavik Open 2015"]
[Site "Reykjavik ISL"]
[Date "2015.03.10"]
[Round "1.98"]
[White "Johannesson, Oliver"]
[Black "Jonasson, Hordur"]
[Result "1-0"]
[WhiteElo "2212"]
[BlackElo "1562"]
[WhiteFideId "2305623"]
[BlackFideId "2311224"]
[EventDate "2015.03.10"]

1. d4 Nf6 2. c4 e6 3. Nc3 d5 4. cxd5 Nxd5 5. e4 Nxc3 6. bxc3 c5 7. a3 cxd4 8.
cxd4 Qc7 9. Nf3 Bd7 10. Be2 Be7 11. O-O O-O 12. Bb2 Rc8 13. Bd3 Nc6 14. d5 exd5
15. exd5 Nd8 16. Ne5 Bf6 17. d6 Qb6 18. Rb1 Bxe5 19. Bxe5 Qc5 20. Re1 Nc6 21.
Rb5 Qxa3 22. Bb2 Qa2 23. Qh5 h6 24. Bxg7 Qd2 25. Rd1 Qf4 26. Bxh6 1-0

[Event "Reykjavik Open 2015"]
[Site "Reykjavik ISL"]
[Date "2015.03.10"]
[Round "1.99"]
[White "Babijczuk, Wojciech"]
[Black "Schou-Moldt, Thomas"]
[Result "0-1"]
[WhiteElo "1549"]
[BlackElo "2211"]
[WhiteFideId "1190881"]
[BlackFideId "1401297"]
[EventDate "2015.03.10"]

1. e4 g6 2. Nf3 d6 3. d4 Bg7 4. h3 a6 5. Bc4 Nf6 6. Nc3 O-O 7. Be3 b5 8. Bb3 e6
9. O-O b4 10. e5 Nfd7 11. Bg5 Qe8 12. Ne4 h6 13. Bf6 d5 14. Bxg7 Kxg7 15. Ng3 c5
16. c3 a5 17. h4 Qe7 18. h5 Nc6 19. Re1 Nb6 20. Qd2 a4 21. Bc2 Nc4 22. Qf4 g5
23. Qg4 f5 24. exf6+ Qxf6 25. Nxg5 Qxg5 26. Qxg5+ hxg5 27. dxc5 Nxb2 28. cxb4
Nxb4 29. Bg6 N4d3 30. Re2 a3 31. Bxd3 Nxd3 32. Rc2 Ra5 33. c6 Rf7 34. Rb1 Rc7
35. Ne2 Ra4 36. f3 Nb4 37. Rc3 Nxa2 38. Rcb3 Rxc6 39. g4 Rc2 40. Rb8 Rac4 41.
Ng3 Rc1+ 42. Kf2 Rxb1 43. Rxb1 Nb4 44. Rh1 a2 45. h6+ Kh8 46. Nh5 Nc2 47. Ng7
a1=Q 48. Rh5 Qe1+ 49. Kg2 Ne3+ 0-1

[Event "Reykjavik Open 2015"]
[Site "Reykjavik ISL"]
[Date "2015.03.10"]
[Round "1.100"]
[White "Quillien, Emmanuel"]
[Black "Fjallheim, Leif Reinert"]
[Result "1-0"]
[WhiteElo "2202"]
[BlackElo "1525"]
[WhiteFideId "616524"]
[BlackFideId "7201788"]
[EventDate "2015.03.10"]

1. c4 e5 2. a3 Nf6 3. d3 Bc5 4. Nf3 d6 5. e3 Bg4 6. Be2 Nc6 7. b4 Bb6 8. Nc3 O-O
9. O-O a6 10. Bb2 h6 11. Qb3 Qe7 12. a4 a5 13. b5 Nd8 14. Rfe1 Ne6 15. Rad1 Nc5
16. Qc2 Rfe8 17. Ba3 Rad8 18. Nd2 Bf5 19. Nb3 Ne6 20. Bf3 Rb8 21. Nd5 Nxd5 22.
Bxd5 Qg5 23. Qc3 Bg4 24. Ra1 f5 25. c5 Ba7 26. b6 cxb6 27. cxd6 f4 28. exf4 exf4
29. Qe5 Qg6 30. d7 Kh7 31. dxe8=Q Rxe8 32. Be4 Qxe4 33. Qxe4+ 1-0

[Event "Reykjavik Open 2015"]
[Site "Reykjavik ISL"]
[Date "2015.03.10"]
[Round "1.101"]
[White "D'Aste, Federico"]
[Black "Arnold, Max"]
[Result "0-1"]
[WhiteElo "1499"]
[BlackElo "2189"]
[WhiteFideId "899216"]
[BlackFideId "24682810"]
[EventDate "2015.03.10"]

1. e4 e5 2. Nf3 Nc6 3. Bc4 Bc5 4. c3 Nf6 5. d4 exd4 6. cxd4 Bb4+ 7. Nc3 Nxe4 8.
O-O Bxc3 9. d5 Ne5 10. bxc3 Nxc4 11. Qd4 O-O 12. Qxc4 Nd6 13. Qd3 Qf6 14. Re1 b6
15. Bg5 Qf5 16. Qxf5 Nxf5 17. Re5 d6 18. Re4 f6 19. Bd2 Bb7 20. c4 Rfe8 21. Re6
Rxe6 22. dxe6 Bxf3 23. gxf3 Re8 24. Re1 Nd4 0-1

[Event "Reykjavik Open 2015"]
[Site "Reykjavik ISL"]
[Date "2015.03.10"]
[Round "1.102"]
[White "Zhou, Qiyu"]
[Black "Ragnarsson, Heimir Pall"]
[Result "1-0"]
[WhiteTitle "WFM"]
[WhiteElo "2182"]
[BlackElo "1497"]
[WhiteFideId "505161"]
[BlackFideId "2308860"]
[EventDate "2015.03.10"]

1. d4 Nf6 2. Nf3 g6 3. Nbd2 Bg7 4. e4 d6 5. Bd3 O-O 6. O-O Nbd7 7. c3 c5 8. b3
Rb8 9. Bb2 b5 10. Qe2 cxd4 11. cxd4 a6 12. a4 bxa4 13. Rxa4 a5 14. Rfa1 Ra8 15.
Nc4 d5 16. Nxa5 Nb6 17. R4a3 dxe4 18. Bxe4 Ba6 19. Qe1 Nxe4 20. Qxe4 Qd5 21.
Qxd5 Nxd5 22. Nc4 Bb7 23. Nfe5 Nf4 24. f3 Rfd8 25. Ra7 Rab8 26. Re1 Bd5 27. Na5
Ra8 28. Rxa8 Rxa8 29. Bc3 Rc8 30. Bd2 Ne6 31. Be3 Rc3 32. b4 Nc7 33. Kf2 Nb5 34.
Re2 Na3 35. Rd2 Nb5 36. Rb2 Rc7 37. Ke1 f6 38. Nd3 Rc3 39. Kd2 f5 40. Ne5 Bxe5
41. dxe5 Bc4 42. Nxc4 Rxc4 43. Bc5 Kf7 44. g3 Ke6 45. f4 Na3 46. Ra2 Nb1+ 47.
Kd3 1-0

[Event "Reykjavik Open 2015"]
[Site "Reykjavik ISL"]
[Date "2015.03.10"]
[Round "1.103"]
[White "Bjerke, Richard"]
[Black "Finnsson, Johann Arnar"]
[Result "1-0"]
[WhiteTitle "FM"]
[WhiteElo "2180"]
[BlackElo "1491"]
[WhiteFideId "1500252"]
[BlackFideId "2308240"]
[EventDate "2015.03.10"]

1. e4 d6 2. d4 g6 3. Nf3 Nc6 4. Bc4 Nf6 5. Qe2 Bg4 6. c3 d5 7. exd5 Nxd5 8. h3
Bxf3 9. Qxf3 e6 10. O-O Bg7 11. Nd2 O-O 12. Ne4 h6 13. a3 a6 14. Re1 Nce7 15. g4
Nc8 16. g5 h5 17. Bd3 Nd6 18. Ng3 b5 19. Bc2 Qd7 20. Ne4 Nxe4 21. Bxe4 Rfe8 22.
Bf4 c6 23. Rad1 Rac8 24. Bh2 Bf8 25. Be5 Bg7 26. Bc2 Qe7 27. h4 Bxe5 28. Rxe5
Nb6 29. Bb3 Qd6 30. Rde1 Nd5 31. Qe4 Nc7 32. Bc2 Nd5 33. Bb3 Nb6 34. Re3 Nd5 35.
Rf3 Qd7 36. Ba2 Nb6 37. Re3 Nd5 38. Re2 Nb6 39. f4 Kf8 40. Kg2 Nd5 41. Kg3 Nb6
42. Qf3 Kg7 43. Bb1 Nc4 44. Rc5 Nb6 45. Be4 Nd5 46. Bd3 Ne7 47. Rce5 Nf5+ 48.
Bxf5 exf5 49. Qe3 Kf8 50. Kf2 Rcd8 51. Ke1 Qc8 52. Kd2 Qd7 53. Kd3 Rc8 54. Rxe8+
Rxe8 55. Qxe8+ Qxe8 56. Rxe8+ Kxe8 57. d5 cxd5 58. Kd4 Ke7 59. Kxd5 f6 60. gxf6+
Kxf6 61. b3 Ke7 62. Ke5 Kd7 63. Kd5 Ke7 64. b4 Kd7 65. c4 bxc4 66. Kxc4 Ke6 67.
a4 g5 68. fxg5 f4 69. Kd3 1-0

[Event "Reykjavik Open 2015"]
[Site "Reykjavik ISL"]
[Date "2015.03.10"]
[Round "1.105"]
[White "Kravchuk, Mykhaylo"]
[Black "Edvardsson, Kristjan"]
[Result "1-0"]
[WhiteElo "1475"]
[BlackElo "2176"]
[WhiteFideId "2310007"]
[BlackFideId "2300893"]
[EventDate "2015.03.10"]

1. e4 d6 2. d4 Nf6 3. Bd3 e5 4. d5 c6 5. c4 Be7 6. Nf3 cxd5 7. cxd5 Nbd7 8. O-O
O-O 9. Nc3 Nc5 10. h3 Nxd3 11. Qxd3 Ne8 12. Nh2 f5 13. f4 g6 14. g4 exf4 15.
Bxf4 Bf6 16. Kh1 fxg4 17. Nxg4 Bxg4 18. hxg4 Bg7 19. g5 Rxf4 20. Rxf4 Qxg5 21.
Raf1 Nf6 22. Qh3 Re8 23. Qf3 Nh5 24. Rg4 Qe7 25. Nb5 Rf8 26. Qg2 Rxf1+ 27. Qxf1
a6 28. Nc3 Be5 29. Kg2 Nf6 30. Rg5 Kg7 31. Qf5 Kh6 1-0

[Event "Reykjavik Open 2015"]
[Site "Reykjavik ISL"]
[Date "2015.03.10"]
[Round "1.106"]
[White "Haessel, Dale R."]
[Black "Davidsson, Oskar Vikingur"]
[Result "1-0"]
[WhiteTitle "FM"]
[WhiteElo "2174"]
[BlackElo "1454"]
[WhiteFideId "2012618"]
[BlackFideId "2310627"]
[EventDate "2015.03.10"]

1. d4 Nf6 2. c4 e6 3. Nf3 b6 4. a3 Be7 5. d5 O-O 6. Nc3 Bb7 7. e4 d6 8. Be2 Qd7
9. O-O c6 10. dxe6 fxe6 11. e5 dxe5 12. Nxe5 Qc7 13. Nd3 c5 14. Nf4 e5 15. Nfd5
Nxd5 16. Nxd5 Bxd5 17. Qxd5+ Kh8 18. Bf3 Nd7 19. Qxa8 Rxa8 20. Bxa8 Nf6 21. Bg5
h6 22. Bxf6 Bxf6 23. Be4 Kg8 24. Rad1 Kf8 25. Rd3 Ke8 26. Rfd1 Ke7 27. Bf5 Ke8
28. Rd7 Qb8 29. Bg6+ Kf8 30. Rf7+ Kg8 31. Rdd7 e4 32. Rxa7 Bxb2 33. Rfe7 Be5 34.
Rxe5 1-0

[Event "Reykjavik Open 2015"]
[Site "Reykjavik ISL"]
[Date "2015.03.10"]
[Round "1.107"]
[White "Sigurvaldason, Hjalmar"]
[Black "Byron, Alan M"]
[Result "0-1"]
[WhiteElo "1450"]
[BlackElo "2172"]
[WhiteFideId "2306018"]
[BlackFideId "401773"]
[EventDate "2015.03.10"]

1. d4 Nf6 2. Bg5 Ne4 3. Bf4 d5 4. Nd2 Nxd2 5. Qxd2 Bf5 6. e3 e6 7. Nf3 Be7 8.
Be2 O-O 9. O-O c5 10. c4 dxc4 11. Bxc4 Nc6 12. dxc5 Qxd2 13. Nxd2 Bxc5 14. a3
Rfd8 15. Nf3 Be7 16. Rad1 Bf6 17. Rxd8+ Rxd8 18. b3 h6 19. h3 g5 20. Bh2 h5 21.
Kh1 Kg7 22. Ng1 a6 23. a4 Rd2 24. f3 Bd3 25. Bxd3 Rxd3 26. e4 Rxb3 27. Rd1 Rb4
28. Rd7 Ne5 29. Bxe5 Bxe5 30. g4 h4 31. a5 Rb2 32. f4 Bxf4 33. Nf3 Kf8 34. Rd8+
Ke7 35. Rg8 Rb5 36. Nd4 Rxa5 37. Nb3 Rb5 38. Nd4 Rb1+ 39. Kg2 Rb2+ 40. Kf3 Rh2 0-1

[Event "Reykjavik Open 2015"]
[Site "Reykjavik ISL"]
[Date "2015.03.10"]
[Round "1.108"]
[White "Loftsson, Hrafn"]
[Black "Chadwick, Susan E"]
[Result "1-0"]
[WhiteElo "2171"]
[BlackElo "1370"]
[WhiteFideId "2300729"]
[BlackFideId "407305"]
[EventDate "2015.03.10"]

1. Nf3 Nf6 2. c4 c5 3. g3 g6 4. Bg2 Bg7 5. Nc3 Nc6 6. d4 cxd4 7. Nxd4 O-O 8. Nc2
a5 9. b3 Rb8 10. Bb2 b6 11. O-O Bb7 12. e4 e5 13. Nb5 Ne8 14. Ba3 Ne7 15. Qe2 f5
16. Rad1 fxe4 17. Bxe4 Bxe4 18. Qxe4 Rf5 19. Ne3 Nf6 20. Qg2 Rh5 21. Bd6 Nc6 22.
Bxb8 Qxb8 23. Nd5 e4 24. Nxf6+ Bxf6 25. Qxe4 Re5 26. Qg4 Re7 27. Rd6 Ne5 28. Qd1
Qf8 29. f4 Nc6 30. Rxd7 Rxd7 31. Qxd7 Ne7 32. Re1 h6 33. Nc7 Qg7 34. Ne8 Bd4+
35. Kg2 Qf8 36. Rxe7 Bh8 37. Qe6+ 1-0

[Event "Reykjavik Open 2015"]
[Site "Reykjavik ISL"]
[Date "2015.03.10"]
[Round "1.109"]
[White "Luu, Robert"]
[Black "Hardarson, Jon Trausti"]
[Result "0-1"]
[WhiteElo "1362"]
[BlackElo "2170"]
[WhiteFideId "2311798"]
[BlackFideId "2302594"]
[EventDate "2015.03.10"]

1. d4 Nf6 2. Nf3 e6 3. Bg5 Be7 4. Nbd2 d5 5. c3 O-O 6. e3 c5 7. Be2 Nbd7 8. O-O
Re8 9. Rc1 Nf8 10. Ne5 Ng6 11. Nxg6 hxg6 12. f4 Qa5 13. a3 Bd7 14. Qe1 Qb6 15.
b4 cxb4 16. axb4 Rac8 17. Nb1 a5 18. bxa5 Qxa5 19. Qh4 Qa2 20. Bd3 Qb2 21. Rc2
Qb3 22. Nd2 Qa3 23. Nb1 Qa5 24. Rff2 b5 25. Ra2 Qc7 26. Rac2 Ra8 27. Ra2 Rxa2
28. Rxa2 b4 29. Qe1 b3 30. Rb2 Ba4 31. Qd2 Rc8 32. Bh4 Qc6 33. Be1 Bd8 34. h3
Ne8 35. Na3 Ba5 36. Nb1 Nd6 37. Kh1 Ra8 38. Qc1 Rb8 39. Na3 Bb4 40. Nb1 Ba5 41.
Na3 f5 42. Nb1 Kf7 43. Qd1 Bd8 44. Qe2 Be7 45. Bg3 Bb5 46. Bxb5 Rxb5 47. Be1 Nc4
48. Bf2 Qa6 49. Na3 Qxa3 50. Rb1 Qa2 51. Qe1 b2 52. Qd1 Qxb1 53. Qxb1 Na3 0-1

[Event "Reykjavik Open 2015"]
[Site "Reykjavik ISL"]
[Date "2015.03.10"]
[Round "1.110"]
[White "Einarsson, Halldor Gretar"]
[Black "Sigurdarson, Alec Elias"]
[Result "1-0"]
[WhiteTitle "FM"]
[WhiteElo "2166"]
[BlackElo "1348"]
[WhiteFideId "2300150"]
[BlackFideId "2311003"]
[EventDate "2015.03.10"]

1. d4 Nf6 2. c4 g6 3. f3 Bg7 4. e4 d6 5. Nc3 O-O 6. Be3 c5 7. d5 e6 8. Nge2 exd5
9. cxd5 a6 10. a4 Nbd7 11. Ng3 Ne5 12. Be2 Bd7 13. h3 Be8 14. O-O Rb8 15. f4
Ned7 16. Rf2 Qe7 17. Qd2 Kh8 18. Raf1 Ng8 19. Bc4 f5 20. Re2 fxe4 21. Ngxe4 Ndf6
22. Ng5 Bd7 23. Bxc5 dxc5 24. Rxe7 Nxe7 25. d6 Nc6 26. Nf7+ Kg8 27. Ne5+ Kh8 28.
g4 Be8 29. Re1 Nd4 30. Kg2 Nd7 31. Nd3 Nb6 32. b3 Nxc4 33. bxc4 Bc6+ 34. Nd5
Bxa4 35. Nxc5 Bc6 36. Re7 Bf6 37. g5 Bxe7 38. Qxd4+ Bf6 39. gxf6 Rf7 40. Kg3 1-0

[Event "Reykjavik Open 2015"]
[Site "Reykjavik ISL"]
[Date "2015.03.10"]
[Round "1.111"]
[White "Kristjansson, Halldor Atli"]
[Black "Brzezinski, Adam"]
[Result "1/2-1/2"]
[WhiteElo "1335"]
[BlackElo "2150"]
[WhiteFideId "2310988"]
[BlackFideId "1710460"]
[EventDate "2015.03.10"]

1. d4 Nf6 2. c4 c5 3. Nf3 cxd4 4. Nxd4 e5 5. Nf3 e4 6. Nd4 d5 7. e3 Nbd7 8. Nc3
Bb4 9. Bd2 Bc5 10. Nb3 Bd6 11. Nxd5 Nxd5 12. cxd5 Qg5 13. Bc3 O-O 14. Qd2 Nb6
15. O-O-O Bg4 16. Be2 Bxe2 17. Qxe2 Rac8 18. Kb1 Nxd5 19. Bd4 Be5 20. Bxa7 Rfd8
21. Bd4 Bxd4 22. Rxd4 Nf6 23. g3 Rxd4 24. Nxd4 Qa5 25. a3 h6 26. Rc1 Rxc1+ 27.
Kxc1 Nd7 28. Qd2 Qa6 29. Qe2 Qa5 30. Qd2 Qa6 31. Qe2 1/2-1/2

[Event "Reykjavik Open 2015"]
[Site "Reykjavik ISL"]
[Date "2015.03.10"]
[Round "1.112"]
[White "Halldorsson, Jon Arni"]
[Black "Mai, Aron Thor"]
[Result "1-0"]
[WhiteElo "2150"]
[BlackElo "1320"]
[WhiteFideId "2301075"]
[BlackFideId "2313383"]
[EventDate "2015.03.10"]

1. d4 Nf6 2. c4 e6 3. Nc3 Bb4 4. Qc2 O-O 5. a3 Bxc3+ 6. Qxc3 b6 7. Bg5 h6 8. Bh4
g5 9. Bg3 d5 10. e3 Bb7 11. Nf3 Nbd7 12. Be2 Re8 13. Rd1 Nf8 14. Qc2 Ng6 15.
cxd5 Nxd5 16. h4 g4 17. Ne5 Nxe5 18. dxe5 f5 19. exf6 Qxf6 20. Bxg4 c5 21. Bf3
Nxe3 22. fxe3 Bxf3 23. Qf2 Rf8 24. gxf3 Qxf3 25. Qxf3 Rxf3 26. Bf4 e5 27. Ke2 e4
28. Rd6 Kf7 29. Rg1 Ke7 30. Rg7+ Kf8 31. Bxh6 Ke8 32. Re6+ 1-0

[Event "Reykjavik Open 2015"]
[Site "Reykjavik ISL"]
[Date "2015.03.10"]
[Round "1.113"]
[White "Starosciak, Adrian"]
[Black "Halldorsson, Bragi"]
[Result "0-1"]
[WhiteElo "1304"]
[BlackElo "2140"]
[WhiteFideId "1192140"]
[BlackFideId "2300907"]
[EventDate "2015.03.10"]

1. e4 c6 2. Nc3 d5 3. d4 dxe4 4. Nxe4 Bf5 5. Ng3 Bg6 6. Nf3 Nd7 7. Bc4 e6 8. O-O
Ngf6 9. Bg5 Qc7 10. Qd2 Bd6 11. c3 O-O 12. Rfe1 a6 13. Bb3 c5 14. c4 cxd4 15.
Nxd4 Nc5 16. Bc2 Rfd8 17. Bxg6 hxg6 18. Rad1 Bxg3 19. hxg3 e5 20. b4 Rxd4 21.
Qc2 Ne6 22. Rxd4 exd4 23. Bd2 Rc8 24. c5 b6 25. Qd3 bxc5 26. Qxa6 c4 27. b5 c3
28. Bc1 d3 29. Ba3 d2 30. Rd1 c2 31. Rxd2 c1=Q+ 32. Bxc1 Qxc1+ 33. Kh2 Ng4+ 0-1

[Event "Reykjavik Open 2015"]
[Site "Reykjavik ISL"]
[Date "2015.03.10"]
[Round "1.114"]
[White "Karlsson, Mikael Johann"]
[Black "Magnusson, Thorsteinn"]
[Result "1-0"]
[WhiteElo "2138"]
[BlackElo "1301"]
[WhiteFideId "2305194"]
[BlackFideId "2310287"]
[EventDate "2015.03.10"]

1. c4 c5 2. g3 g6 3. Bg2 Bg7 4. Nc3 Nc6 5. Nf3 Nf6 6. d4 cxd4 7. Nxd4 O-O 8. O-O
d6 9. Nxc6 bxc6 10. Bxc6 Bh3 11. Re1 Rc8 12. Qa4 Qb6 13. Nd5 Nxd5 14. cxd5 Rb8
15. Qh4 Bf5 16. Qxe7 Bxb2 17. Bxb2 Qxb2 18. Qxd6 Rfd8 19. Qf4 Qa3 20. e4 Bd7 21.
Bxd7 Rxd7 22. Qxb8+ 1-0

[Event "Reykjavik Open 2015"]
[Site "Reykjavik ISL"]
[Date "2015.03.10"]
[Round "1.115"]
[White "Rueger, Erhard"]
[Black "Kristofersson, Sindri Snaer"]
[Result "1-0"]
[WhiteElo "2133"]
[BlackElo "1224"]
[WhiteFideId "4609611"]
[BlackFideId "2310732"]
[EventDate "2015.03.10"]

1. Nf3 c5 2. g3 e6 3. Bg2 Nc6 4. c4 Qc7 5. Nc3 Nf6 6. O-O Be7 7. d4 cxd4 8. Nxd4
a6 9. b3 O-O 10. Bb2 d6 11. Rc1 e5 12. Nd5 Nxd5 13. cxd5 exd4 14. dxc6 bxc6 15.
Bxc6 Bb7 16. Bf3 Qd7 17. Bxb7 Qxb7 18. Rc4 Rfe8 19. Bxd4 d5 20. Rc2 Rac8 21. Qd3
Qb5 22. Qf5 Rxc2 23. Qxc2 Bb4 24. e3 h6 25. Bb2 Bc5 26. Qc3 f6 27. Rc1 Bb6 28.
Qc6 Qxc6 29. Rxc6 Rb8 30. Rd6 Rb7 31. Rxd5 Rc7 32. Rd6 1-0

[Event "Reykjavik Open 2015"]
[Site "Reykjavik ISL"]
[Date "2015.03.10"]
[Round "1.116"]
[White "Kristbergsson, Bjorgvin"]
[Black "Weichelt, Jens"]
[Result "0-1"]
[WhiteElo "1159"]
[BlackElo "2132"]
[WhiteFideId "2305232"]
[BlackFideId "4637771"]
[EventDate "2015.03.10"]

1. Nc3 d5 2. d4 Nf6 3. f3 Bf5 4. g3 e6 5. a3 c5 6. e3 Nc6 7. Bb5 Be7 8. Bxc6+
bxc6 9. b3 O-O 10. Bb2 cxd4 11. Qxd4 Bxc2 12. b4 a5 13. Na2 Bb3 14. Nc1 Bc4 15.
g4 axb4 16. g5 c5 17. Qh4 Nd7 18. f4 bxa3 19. Bxg7 Kxg7 20. Qh6+ Kg8 21. Nf3 Re8
22. h4 Bf8 23. Qh5 Bg7 24. Rb1 a2 25. Nxa2 Rxa2 26. Nd2 Rxd2 27. Kxd2 Qa5+ 28.
Kc1 Qc3+ 0-1

[Event "Reykjavik Open 2015"]
[Site "Reykjavik ISL"]
[Date "2015.03.10"]
[Round "1.118"]
[White "Davidsson, Stefan Orri"]
[Black "Sigeman, Johan"]
[Result "0-1"]
[WhiteElo "1038"]
[BlackElo "2123"]
[WhiteFideId "2311399"]
[BlackFideId "1705601"]
[EventDate "2015.03.10"]

1. e4 e5 2. Nf3 Nc6 3. d4 exd4 4. Nxd4 Nf6 5. Nxc6 bxc6 6. e5 Qe7 7. Qe2 Nd5 8.
Nc3 Nxc3 9. bxc3 g6 10. f4 Bg7 11. Qe4 O-O 12. Bd3 f6 13. exf6 Qxf6 14. Bd2 d5
15. Qe3 d4 16. cxd4 Qd8 17. O-O-O Bxd4 18. Bc4+ Kg7 19. Bc3 c5 20. Bxd4+ cxd4
21. Rxd4 Qf6 22. Qe5 Bf5 23. Qxc7+ Kh6 24. Qe5 Qc6 25. Qd5 Qf6 26. h3 Rad8 27.
g4 Qxd4 28. g5+ Kg7 29. Qb7+ Rd7 30. Qb3 Be4 31. Rf1 Qd2+ 32. Kb2 Rb7 0-1

[Event "Reykjavik Open 2015"]
[Site "Reykjavik ISL"]
[Date "2015.03.10"]
[Round "1.132"]
[White "Sarkar, Justin"]
[Black "Johansen, Arnt-Ole"]
[Result "1-0"]
[WhiteTitle "IM"]
[WhiteElo "2376"]
[BlackElo "1819"]
[WhiteFideId "2010011"]
[BlackFideId "1516728"]
[EventDate "2015.03.10"]

1. d4 d5 2. c4 c6 3. Nf3 Nf6 4. Nc3 dxc4 5. a4 Bf5 6. Ne5 Nbd7 7. Nxc4 Qc7 8. g3
e5 9. dxe5 Nxe5 10. Bf4 Nfd7 11. Bg2 g5 12. Ne3 gxf4 13. Nxf5 O-O-O 14. Qc2 Nc5
15. O-O Ng6 16. Rfd1 Rxd1+ 17. Rxd1 a5 18. Bh3 Kb8 19. Qd2 Ne6 20. Qd7 Bb4 21.
Qxc7+ Kxc7 22. Ne4 Rd8 23. Rxd8 Nxd8 24. e3 fxg3 25. hxg3 Ne7 26. Nd4 Nc8 27.
Kf1 Bf8 28. Ke2 Nd6 29. Kd3 Nxe4 30. Kxe4 Bg7 31. b3 Bxd4 32. Kxd4 Kd6 33. f4 h6
34. e4 c5+ 35. Kc4 b6 36. e5+ Kc7 37. Bg2 Ne6 38. Bd5 Kd7 39. Bxe6+ Kxe6 40. g4
Kd7 41. Kd5 Kc7 42. f5 Kd7 43. f6 1-0

[Event "Reykjavik Open 2015"]
[Site "Reykjavik ISL"]
[Date "2015.03.10"]
[Round "1.133"]
[White "Lurdalen, Svein Erik"]
[Black "Lemery, Jon Thor"]
[Result "1-0"]
[WhiteElo "1824"]
[BlackElo "1273"]
[WhiteFideId "1519476"]
[BlackFideId "2313499"]
[EventDate "2015.03.10"]

1. e4 e5 2. f4 exf4 3. Bc4 Qh4+ 4. Kf1 Bc5 5. d4 Bb6 6. Nf3 Qg4 7. Bxf7+ Kd8 8.
h3 Qg3 9. Nc3 Nf6 10. Ne2 Nxe4 11. Nxg3 Nxg3+ 12. Kg1 g5 13. c3 c5 14. Kh2 1-0